| 000 | 00681nam a2200193Ia 4500 | ||
|---|---|---|---|
| 003 | GCL | ||
| 008 | 140319s9999 xx 000 0 ara d | ||
| 040 |
_aGCL / _cGCL |
||
| 082 | 0 | 4 |
_a219.3 _bف ق |
| 100 | 1 | _aمحمد نصر مهنا | |
| 245 | 1 | 0 |
_aقضايا العالم الاسلامى ومشكلاته السياسية : _bبين الماضى والحاضر / _cمحمد نصر مهنا |
| 700 | 1 | _aفتحية النبراوى | |
| 260 |
_a[S.N] : _bمنشاة المعارف الاسلامية ، _c1983 |
||
| 300 | _a555 ص | ||
| 490 | _a | ||
| 650 | 0 | 4 | _aالاسلام والاصلاح السياسى |
| 650 | 0 | 4 | _aالاسلام والسياسة |
| 942 |
_2ddc _cBK |
||
| 999 |
_c54098 _d54098 |
||